000 00570nmm a2200181Ia 4500
008 251105s9999||||xx |||||||||||||||||und||
020 _a9789560104151
041 _aspa
100 _aCapurro Ríos, Gabriela
245 0 _aPsicoterapia infantil: orientaciones para el trabajo clínico con niños
264 _a[Santiago de Chile, Chile] :
_bRil editores,
_c2017
300 _a236 páginas
650 _aPsychology
700 _aCapurro Ríos, Gabriela
700 1 _a Ortíz Barrera, Jade
856 _uhttps://public.digitaliapublishing.com/a/47475
942 _cCF
999 _c63502
_d63502